| 000 | 00976nam a2200229Ia 4500 | ||
|---|---|---|---|
| 999 |
_c56061 _d56061 |
||
| 001 | 23161 | ||
| 003 | GE_BSU | ||
| 005 | 20230721105451.0 | ||
| 008 | 181216s1958||||ge |||||||||||||| ||geo|| | ||
| 040 | _cGE_BSU | ||
| 041 | _ageo | ||
| 080 | _a821.133.1-31 პ-76 | ||
| 100 |
_aპრევო, აბატი _919482 |
||
| 245 |
_aმანონ ლესკო / _cაბატი პრევო ; თარგმ. და წინასიტყვ. ქეთევან ირემაძისა ; რედ. რ. ბეჟანიშვილი. |
||
| 264 |
_aთბილისი : _bსაბჭ. საქართველო, _c1958. |
||
| 300 |
_a192 გვ. ; _c20 სმ. |
||
| 541 | _h0,90 თ. | ||
| 653 | _aმანონ ლესკო | ||
| 700 |
_aირემაძე, ქეთევან _eმთარგმნელი _919483 |
||
| 700 |
_aბეჟანიშვილი, რ. _eრედაქტორი _97979 |
||
| 942 |
_cBK _2udc |
||